| 000 | 00650nam a22002172 4500 | ||
|---|---|---|---|
| 001 | 0000020623 | ||
| 005 | 20151217152218.0 | ||
| 008 | 110928s xx 000 0 eng d | ||
| 020 | _a0521865579 : | ||
| 040 |
_aKABU _cKABU |
||
| 100 | 1 |
_aStowe, Keith. _@0000181073 |
|
| 245 | 1 | 3 |
_aAn Introduction to thermodynamics and statistical mechanics / _cKeith Stowe. |
| 250 | _a2nd ed. | ||
| 260 |
_aCambridge : _bC. U. P., _c2007. |
||
| 300 | _axiii, 556 p. | ||
| 650 | 0 |
_aThermodynamics. _@0000153888 |
|
| 650 | 0 |
_aStatistical mechanics. _@0000153865 |
|
| 852 | 1 | _9p6355 KES | |
| 908 | _a110928 | ||
| 950 | _@1 | ||
| 999 |
_c9423 _d9423 |
||